| 000 | 00402nam a22001457a 4500 | ||
|---|---|---|---|
| 999 |
_c2615 _d2615 |
||
| 008 | 200312b ||||| |||| 00| 0 eng d | ||
| 020 | _a0750644435 | ||
| 100 |
_91510 _aHouse, D. J. |
||
| 245 | 1 | 0 |
_aCommand companion of seamanship techniques, Vol. 3 _cby D. J. House. |
| 250 | _a1st ed. | ||
| 260 |
_aOxford, _bButterworth-Heinemann: _c2000. |
||
| 300 | _axv,236p. | ||
| 650 | 0 | _aSeamanship | |
| 942 | _cBK | ||